000 00354nam a2200157Ia 4500
003 Ost
005 20260225132542.0
008 260225s9999||||xx |||||||||||||| ||und||
040 _cfsic
041 _afre
082 _a332.022
100 _aJanine Brèmond
_eAuteur
245 0 _aLes nationalisations /
245 0 _cJanine Brèmond
942 _cكتاب
999 _c33570
_d33570